[Event "Odense-ch IM-2 2018"]
[Site "Odense"]
[Date "2018.10.14"]
[Round "4"]
[White "Bromann, Thorbjorn"]
[Black "Andersen, Lars Rene"]
[Result "1-0"]
[WhiteElo "2383"]
[BlackElo "2155"]
[Annotator "TA"]
[PlyCount "119"]
[EventDate "2018.10.12"]
[EventType "tourn"]
[EventCountry "DEN"]
[SourceTitle "playchess.com"]
[Source "ChessBase"]
[SourceQuality "1"]

{[%evp 13,119,21,28,6,11,-5,4,0,13,0,0,-13,-8,-27,-16,-25,0,0,0,0,5,0,0,-8,0,0,0,0,8,0,0,0,173,-23,0,0,41,0,113,116,99,28,22,28,38,43,32,19,19,32,32,19,77,77,114,111,135,75,89,71,81,78,81,91,98,68,228,239,250,224,246,211,227,164,165,116,118,52,127,66,79,0,162,162,168,76,100,10,8,0,47,0,8,0,0,0,7,7,27,34,85,76,118,20,19,36,29976,29976]} 1. d4 d5 2. Bg5 Nd7 3. c4 c6 4. cxd5 cxd5 5. Nc3 Ngf6 6. e3 e6 7. Bd3 Be7 {LiveBook: 12 Partien. D51: Damengambit (Cambridge-Springs-Variante und Abweichungen)} 8. Nge2 a6 (8... O-O 9. O-O a6 10. a4 b6 11. Rc1 Bb7 12. f3 Ne8 13. Bf4 Bd6 14. Bb1 Qe7 15. Qd3 {1-0 (37) Radovanovic,N (2441)-Radovic,L (2350) Kragujevac 2018}) 9. a4 b6 {Die Stellung ist ausgeglichen.} 10. O-O Bb7 11. f3 O-O $146 ({Vorgänger:} 11... h6 12. Bh4 O-O 13. Qe1 Re8 14. Rd1 e5 15. Bf5 exd4 16. exd4 {1-0 (30) Coppola,C (2202)-Lopez,A (2058) La Paloma 2014}) 12. Qc2 Rc8 13. Rad1 h6 14. Bh4 Re8 15. Qb1 Qc7 16. h3 e5 17. Bf5 Rcd8 18. Bf2 exd4 19. Nxd4 Bd6 20. Nce2 Ne5 21. Rc1 Qe7 $1 22. b3 g6 $2 (22... Bc5 $11) 23. Bc2 $2 (23. f4 $1 $18) 23... Kg7 24. Nf4 Bc8 25. Rcd1 (25. Bxg6 $5 fxg6 26. Nxg6 $1 {[%mdl 512]} Nxg6 27. Rxc8 $1 $11 {[%mdl 512]}) 25... Kg8 (25... Bd7 $11) 26. Nfe2 $1 $16 {[%cal Bf4e2,Be2d4,Bd4f5][%mdl 32]} Bd7 27. Bh4 ({Lieber} 27. f4 $16) 27... g5 $11 28. Bf2 Nc6 $1 29. Nxc6 Bxc6 30. Nd4 Bd7 $1 31. Bf5 Qe5 {[%csl Gd6][%cal Re5h2]} 32. g3 {[%cal Bg2g3,Bg3g4][%mdl 32]} Bxf5 (32... h5 $11) 33. Nxf5 $16 Bf8 34. g4 Rc8 35. Rc1 (35. h4 $142) 35... h5 36. Qd3 a5 37. Bg3 $36 {[%mdl 2048] Weiss bestimmt, wo es lang geht.} Qe6 38. Nd4 Qd7 39. Kg2 hxg4 $2 (39... Rxc1 $14 40. Rxc1 Bc5) 40. hxg4 $18 Rxc1 41. Rxc1 {Tc7 ist eine echte Drohung.} Bc5 42. Rh1 Bd6 43. Bxd6 Qxd6 44. Rh6 {zielt auf Df5 ab.} Qe5 45. Qc3 (45. Kf1 $16) 45... Nh7 (45... Nd7 $1 $14) 46. Rxb6 (46. Kf2 $16) 46... Nf8 $1 $14 47. Qd3 ({Natürlich nicht} 47. Qxa5 Qxe3 48. Qb4 (48. Qxd5 $2 Qd2+ 49. Kg3 Re1 $19) 48... Ng6 $11) (47. Rb5 $16) 47... Qxe3 $2 (47... Ng6 $1 $11 {und Schwarz ist OK.}) 48. Qxe3 $18 Rxe3 $11 {[%mdl 4096] Endspiel KTS-KTS} 49. Nf5 (49. Rb8 $18 {ist viel giftiger.}) 49... Rd3 50. Rb7 (50. Rb8 $16) 50... Ne6 51. Nh6+ Kf8 52. Rxf7+ (52. Nxf7 {is interesting.} Rd2+ 53. Kf1 Rb2 54. Ke1 Nc5 55. Ra7) 52... Ke8 53. Ra7 Rxb3 54. Rxa5 Nf4+ 55. Kf2 Rb2+ 56. Ke3 Rb3+ {[#]} (56... Rb4 $14) 57. Kd4 $1 $16 Rxf3 {[#]} 58. Nf5 ({Besser ist} 58. Ra7 $1 $16) 58... Kd7 $11 59. Ke5 {Droht Ta7+ und aus.} Kc6 $2 {[%mdl 8192]} (59... Rf1 $14) 60. Nd4+ {Precision: Weiß = 33%, Schwarz = 42%.} 1-0

[Event "Odense-ch IM-2 2018"]
[Site "Odense"]
[Date "2018.10.14"]
[Round "4"]
[White "Pedersen, Steffen"]
[Black "Freyr Heimisson, Hilmir"]
[Result "0-1"]
[WhiteElo "2306"]
[BlackElo "2212"]
[Annotator "TA"]
[PlyCount "62"]
[EventDate "2018.10.12"]
[EventType "tourn"]
[EventCountry "DEN"]
[SourceTitle "playchess.com"]
[Source "ChessBase"]
[SourceQuality "1"]

{[%evp 17,62,21,24,17,32,0,22,19,10,9,20,0,0,0,0,0,0,-3,-6,-10,-4,-4,0,-2,0,-3,0,-47,-44,-32,-41,-49,-40,-27,-35,-71,35,0,-9,-83,-85,-92,-85,-570,-540,-1015,-1016]} 1. d4 Nf6 2. Nf3 d5 3. c4 e6 4. Nc3 Bb4 5. Qa4+ Nc6 6. e3 O-O 7. Qc2 {D38: Queen's Gambit Declined: Ragozin Defence (4 Nf3 Bb4)} (7. a3 Bxc3+ 8. bxc3 Bd7 9. Qc2 Na5 10. cxd5 exd5 11. Bd3 Re8 12. O-O c5 13. dxc5 Rc8 14. a4 Rxc5 {1-0 (39) Yu,Y (2751)-Harikrishna,P (2744) Huaian 2017}) 7... dxc4 8. Bxc4 a6 9. a3 Bd6 {LiveBook: 5 Games} 10. h3 e5 11. d5 $146 ({Predecessor:} 11. O-O h6 12. b4 Qe7 13. Bb2 Re8 14. Rac1 e4 15. Nd2 Bf5 16. f3 exf3 17. Qxf5 Qxe3+ 18. Rf2 Nxd4 19. Qg6 Ne6 20. Qf5 Nd4 21. Qg6 Ne6 22. Qf5 Nd4 {½-½ (22) Llorach Gracia,T (2019)-Baigorri Navarro,F (2175) ICCF email 2011}) 11... Ne7 12. e4 Ng6 13. Be3 Qe7 14. g3 Rd8 15. Nd2 Bd7 16. Nb3 b5 17. Be2 c6 18. dxc6 Bxc6 19. Na5 Rac8 20. Nxc6 Rxc6 21. O-O Bc5 22. Bg5 h6 23. Bxf6 Qxf6 24. Rad1 Bd4 25. Qb3 Qg5 $36 {[%mdl 2048] ( -> ...Qxg3+). Black has some pressure.} 26. Kh2 h5 (26... Bxc3 $1 $17 27. bxc3 Rd2) 27. Nd5 {f4 is the strong threat.} h4 28. Rd3 (28. Kh1 $11 {remains equal.}) 28... Rdc8 $17 {Threatens to win with ...Rc2.} 29. Bg4 {[#]} Rc1 $1 {[%cal Rc1f1]} 30. Kg2 $2 {[%mdl 8192] [#]} (30. Rdd1 $17 hxg3+ 31. Qxg3 Rxd1 32. Bxd1) 30... hxg3 $1 $19 {[%mdl 512] aiming for ...Nh4+.} 31. fxg3 (31. Rxg3 Nh4+) 31... R8c2+ {Precision: White = 32%, Black = 72%.} 0-1

[Event "Odense-ch IM-2 2018"]
[Site "Odense"]
[Date "2018.10.14"]
[Round "4"]
[White "Andersen, Rune"]
[Black "Grove, Peter"]
[Result "1/2-1/2"]
[WhiteElo "2137"]
[BlackElo "2213"]
[Annotator "TA"]
[PlyCount "35"]
[EventDate "2018.10.12"]
[EventType "tourn"]
[EventCountry "DEN"]
[SourceTitle "playchess.com"]
[Source "ChessBase"]
[SourceQuality "1"]

{[%evp 18,20,-9,-25,-8]} 1. d4 d5 2. c4 dxc4 3. Nf3 Nf6 4. Nc3 a6 5. a4 c5 6. d5 e6 7. e4 exd5 8. exd5 Bd6 9. Bxc4 O-O 10. O-O Bg4 {D24: Queen's Gambit Accepted: 3 Nf3 Nf6 4 Nc3} {Predecessor:} 11. h3 $146 Bh5 12. Bg5 Re8 13. Bd3 Nbd7 14. Ne4 Ne5 15. g4 Nxd3 16. Bxf6 gxf6 17. Qxd3 Bg6 18. Rae1 {½-½ (63) Ju,W (2571)-Tan,Z (2522) Chongqing/Shanghai 2018} 1/2-1/2

[Event "Odense-ch IM-2 2018"]
[Site "Odense"]
[Date "2018.10.14"]
[Round "5"]
[White "Heimisson, Hilmir Freyr"]
[Black "Andersen, Rune"]
[Result "0-1"]
[WhiteElo "2271"]
[BlackElo "2137"]
[Annotator "TA"]
[PlyCount "120"]
[EventDate "2018.10.12"]
[EventType "tourn"]
[EventCountry "DEN"]
[SourceTitle "playchess.com"]
[Source "ChessBase"]
[SourceQuality "1"]

{[%evp 9,120,44,53,51,77,77,77,74,64,72,112,0,0,0,0,0,24,21,20,6,6,14,17,14,16,0,8,16,10,7,0,3,11,2,2,2,0,-22,-15,-39,0,-7,0,0,14,-20,10,16,18,0,32,23,32,-47,-30,-27,-27,-41,0,8,104,0,0,0,0,0,8,0,23,25,20,18,37,27,30,31,34,26,23,33,157,32,81,12,16,-285,-285,-285,-270,-550,-508,-556,-548,-504,-512,-857,-822,-880,-892,-1418,-1318,-1237,-1114,-3196,-2293,-3311,-2757,-2306,-2162,-29979,-29978,-29983,-29983]} 1. d4 d5 2. Bg5 f6 (2... Nf6 3. Nd2 g6 4. e3 Bg7 5. Ngf3 O-O 6. Be2 c5 7. c3 cxd4 8. exd4 Nc6 9. O-O Bf5 10. Re1 Ne4 11. Nxe4 Bxe4 12. Nd2 Bf5 13. Qb3 h6 14. Bh4 Qd7 15. Bb5 Rfe8 16. Nf3 Be4 17. Ne5 Bxe5 18. dxe5 {½-½ (69) Artemiev,V (2691)-Wang,H (2709) Huaian 2017}) 3. Bd2 Nc6 4. c4 Bf5 5. e3 {[%cal Be2e3,Be3e4][%mdl 32]} e5 $146 ({Predecessor:} 5... e6 6. Nc3 a6 7. Rc1 Qd7 8. a3 Nh6 9. b4 Be7 10. Qb3 {1-0 (29) Gonzalez Gonzalez,A (2162)-Spanton,T (1964) Gibraltar 2017}) 6. cxd5 {D00: 1 d4 d5: Unusual lines} Qxd5 7. Nc3 Qd7 8. d5 {White is better.} Nd8 9. e4 Bg4 10. Qa4 (10. Nge2 $16) 10... Qxa4 $11 11. Nxa4 Bd7 12. Nc3 {[%cal Ba4c3,Bc3d1,Bd1e3,Be3g4][%mdl 32]} a6 13. Rc1 Bd6 14. Bd3 Ne7 15. Nge2 O-O 16. O-O Nf7 17. Nd1 g6 18. Ne3 b5 19. Rc2 f5 20. f3 f4 21. Ng4 Kg7 22. Rfc1 {And now Ba5 would win.} Rfc8 23. Bc3 g5 24. a3 h5 25. Nf2 Kh6 26. Ba5 {[%cal Ra5c7]} Ra7 27. Rd1 Nd8 28. Rcc1 Nb7 29. Be1 Raa8 30. Bb1 g4 31. h3 (31. Kh1 $14) 31... gxf3 $15 32. gxf3 Rg8+ 33. Kh2 a5 34. Nd3 $36 {[%mdl 2048] White has some pressure.} Rg7 {[#]} (34... Ng6 $11) 35. Bf2 ({White should play} 35. Nexf4 $1 $16 {[%mdl 512] Threatens to win with Bc3.} exf4 36. e5 Nxd5 37. exd6) 35... Rag8 $11 36. Rg1 Rxg1 37. Nxg1 Ra8 38. Be1 c5 39. dxc6 $1 Nxc6 40. Ba2 Ne7 41. Bc3 Ng6 $1 42. Bd5 Rb8 43. Bxb7 Rxb7 44. Bxa5 Rb8 (44... Ra7 $14 45. Bb4 Bb8) 45. Be1 (45. Rd1 $1 $16 {aiming for Ne1.} Ra8 46. Nxf4 $1 {[%mdl 512]}) 45... Rd8 {[#]} 46. Nb4 (46. Rd1 $1 $16) 46... Be6 47. Rd1 $2 {[%mdl 8192] [#]} (47. Nc6 $11 Rc8 48. Ne2) 47... Bxb4 $1 $19 {[%mdl 512]} 48. Rxd8 (48. axb4 Rxd1) 48... Bxe1 49. Kg2 $2 (49. Rb8 Bc4 50. b3 Bg3+ 51. Kh1) 49... Bc4 50. Rd1 Nh4+ 51. Kh1 Bf2 52. b3 (52. Rc1 $142 Be3 53. Rd1) 52... Bxb3 53. Rd6+ Kg5 54. Ne2 Bc4 55. Nc3 Nxf3 56. Kg2 Bc5 {( -> ...Ne1+)} 57. Rc6 Nh4+ 58. Kh2 Bd4 59. Nd5 f3 {[%cal Bf4f3,Bf3f2][%mdl 32]} 60. Rc8 f2 {Precision: White = 32%, Black = 52%.} 0-1